Практикум по технологии диагностирования элементов электроэнергетических систем по параметрам их схем замещения; Современные техника и технологии; Т. 1

Bibliographische Detailangaben
Parent link:Современные техника и технологии: сборник трудов XV Международной научно-практической конференции студентов, аспирантов и молодых ученых, Томск, 4-8 мая 2009 г/ Национальный исследовательский Томский политехнический университет (ТПУ).— , 2009
Т. 1.— 2009.— [С. 7-8]
1. Verfasser: Абрамочкина Л. В. Людмила Владимировна
Weitere Verfasser: Гольдштейн Е. И. Ефрем Иосифович (научный руководитель)
Zusammenfassung:Заглавие с титульного листа
Электронная версия печатной публикации
Sprache:Russisch
Veröffentlicht: 2009
Schlagworte:
Online-Zugang:http://www.lib.tpu.ru/fulltext/c/2009/C01/V1/001.pdf
Format: Elektronisch Buchkapitel
KOHA link:https://koha.lib.tpu.ru/cgi-bin/koha/opac-detail.pl?biblionumber=239918

MARC

LEADER 00000naa2a2200000 4500
001 239918
005 20251208133801.0
035 |a (RuTPU)RU\TPU\book\261162 
090 |a 239918 
100 |a 20130617d2009 k y0rusy50 ca 
101 0 |a rus 
102 |a RU 
135 |a drnn ---uucaa 
181 0 |a i  
182 0 |a b 
200 1 |a Практикум по технологии диагностирования элементов электроэнергетических систем по параметрам их схем замещения  |f Л. В. Абрамочкина  |g науч. рук. Е. И. Гольдштейн 
203 |a Текст  |c электронный 
215 |a 1 файл (371 Кб) 
300 |a Заглавие с титульного листа 
300 |a Электронная версия печатной публикации 
337 |a Adobe Reader 
461 0 |0 (RuTPU)RU\TPU\book\261117  |t Современные техника и технологии  |o сборник трудов XV Международной научно-практической конференции студентов, аспирантов и молодых ученых, Томск, 4-8 мая 2009 г  |o в 3 т.  |f Национальный исследовательский Томский политехнический университет (ТПУ)  |d 2009 
463 0 |0 (RuTPU)RU\TPU\book\261157  |t Т. 1  |v [С. 7-8]  |d 2009 
610 1 |a электронный ресурс 
610 1 |a труды учёных ТПУ 
610 1 |a электроэнергетические системы 
610 1 |a диагностирование 
610 1 |a практикумы 
610 1 |a схемы замещения 
610 1 |a контроль 
610 1 |a электрические сигналы 
610 1 |a мгновенные значения 
700 1 |a Абрамочкина  |b Л. В.  |c специалист в области электроэнергетики  |c ассистент Томского политехнического университета  |f 1986-  |g Людмила Владимировна  |3 (RuTPU)RU\TPU\pers\28613 
702 1 |a Гольдштейн  |b Е. И.  |c специалист в области электроэнергетики  |c доцент Томского политехнического университета  |f 1929-  |g Ефрем Иосифович  |3 (RuTPU)RU\TPU\pers\25325  |4 727 
801 1 |a RU  |b 63413507  |c 20130617 
801 2 |a RU  |b 63413507  |c 20131024  |g RCR 
856 4 |u http://www.lib.tpu.ru/fulltext/c/2009/C01/V1/001.pdf 
942 |c CF